Govt. of
Madhya Pradesh

The Dance of Siva (Record no. 15607)

MARC details
000 -LEADER
fixed length control field 004960000a22001930004500
001 - CONTROL NUMBER
control field 003713
003 - CONTROL NUMBER IDENTIFIER
control field MACL
005 - DATE AND TIME OF LATEST TRANSACTION
control field 20150826125148.0
008 - FIXED-LENGTH DATA ELEMENTS--GENERAL INFORMATION
fixed length control field 150826b xxu||||| |||| 00| 0 eng d
040 ## - CATALOGING SOURCE
Original cataloging agency MACL
Transcribing agency MACL
041 ## - LANGUAGE CODE
Language code of text/sound track or separate title English
082 ## - DEWEY DECIMAL CLASSIFICATION NUMBER
Classification number 790/SMI
100 ## - MAIN ENTRY--PERSONAL NAME
Personal name Smith, David
9 (RLIN) 2181
245 ## - TITLE STATEMENT
Title The Dance of Siva
Remainder of title Religion, Art of poetry in South India
Statement of responsibility, etc. David Smith
260 ## - PUBLICATION, DISTRIBUTION, ETC. (IMPRINT)
Place of publication, distribution, etc. New York
Date of publication, distribution, etc. 1996
Name of publisher, distributor, etc. Cambrige
350 ## - PRICE (NR) (BK AM CF MU VM SE) [OBSOLETE]
Price 495
650 ## - SUBJECT ADDED ENTRY--TOPICAL TERM
Topical term or geographic name as entry element Performic Art
9 (RLIN) 7497
942 ## - ADDED ENTRY ELEMENTS (KOHA)
Call number prefix 790
Koha item type Books
Source of classification or shelving scheme
Holdings
Withdrawn status Lost status Source of classification or shelving scheme Damaged status Not for loan Home library Current library Date acquired Cost, normal purchase price Total Checkouts Full call number Barcode Date last seen Uniform Resource Identifier Price effective from Koha item type
          MACL MACL 15/04/2015 495.00   790/SMI CRE010019 02/05/2024 15508 15/04/2015 Books